Los carmelitas descalzos en la Nueva España del siglo XVII (Record no. 3398)

MARC details
000 -CABECERA
campo de control de longitud fija 00995nam a2200241 a 4500
001 - NÚMERO DE CONTROL
campo de control BRCA_3666
005 - FECHA Y HORA DE LA ÚLTIMA TRANSACCIÓN
campo de control 20190320204356.0
008 - DATOS DE LONGITUD FIJA--INFORMACIÓN GENERAL
campo de control de longitud fija 020909s1984----mx-a---###---#000-0#spa-#
041 ## - CÓDIGO DE LENGUA
Código de lengua del texto/banda sonora o título independiente spa
044 ## - CÓDIGO DEL PAÍS DE LA ENTIDAD EDITORA/PRODUCTORA
Código MARC del país mx
050 #4 - SIGNATURA TOPOGRÁFICA DE LA BIBLIOTECA DEL CONGRESO
Número de clasificación BX1428
Número de documento/Ítem .M33 1984
100 1# - ENTRADA PRINCIPAL--NOMBRE DE PERSONA
Nombre de persona Madre de Dios, Agustín de la, Fray
9 (RLIN) 9515
245 10 - MENCIÓN DE TÍTULO
Título Los carmelitas descalzos en la Nueva España del siglo XVII
Mención de responsabilidad, etc. Fray Agustín de la Madre de Dios ; paleografía, notas, selección y estudio introductorio Manuel Ramos Medina ; presentación de la obra Elías Trabulse Atala ; fotografía Federico Gil.
260 ## - PUBLICACIÓN, DISTRIBUCIÓN, ETC.
Lugar de publicación, distribución, etc. México
Nombre del editor, distribuidor, etc. Probursa : Departamento de Historia de la Universidad Iberoamericana
Fecha de publicación, distribución, etc. 1984
300 ## - DESCRIPCIÓN FÍSICA
Extensión 119 p.
Otras características físicas il.
Dimensiones 31 cm.
500 ## - NOTA GENERAL
Nota general Incluye apéndice fotográfico
650 14 - PUNTO DE ACCESO ADICIONAL DE MATERIA--TÉRMINO DE MATERIA
Término de materia o nombre geográfico como elemento de entrada Carmelitas en México
Subdivisión cronológica Siglo XVII
9 (RLIN) 9516
650 14 - PUNTO DE ACCESO ADICIONAL DE MATERIA--TÉRMINO DE MATERIA
Término de materia o nombre geográfico como elemento de entrada Carmelitas
Subdivisión general Historia
Subdivisión cronológica Siglo XVII
9 (RLIN) 9517
700 1# - PUNTO DE ACCESO ADICIONAL--NOMBRE DE PERSONA
Nombre de persona Ramos Medina, Manuel
9 (RLIN) 9518
700 1# - PUNTO DE ACCESO ADICIONAL--NOMBRE DE PERSONA
Nombre de persona Trabulse Atala, Elías
9 (RLIN) 9519
700 1# - PUNTO DE ACCESO ADICIONAL--NOMBRE DE PERSONA
Nombre de persona Gil, Federico
9 (RLIN) 9520
942 ## - ELEMENTOS DE PUNTO DE ACCESO ADICIONAL (KOHA)
Fuente del sistema de clasificación o colocación Library of Congress Classification
Tipo de ítem Koha Libros
Holdings
Estado de retiro Estado de pérdida Estado dañado No para préstamo Localización permanente Ubicación/localización actual Fecha de adquisición Total de préstamos Signatura topográfica completa Código de barras Fecha visto por última vez Precio válido a partir de Tipo de ítem Koha
El ejemplar forma parte de la colección y puede ser consultado según las políticas vigentes.       Biblioteca del Museo Franz Mayer (Rogerio Casas-Alatriste) Biblioteca del Museo Franz Mayer (Rogerio Casas-Alatriste) 27/08/2009   BX1428 .M33 1984 00582 22/03/2019 22/03/2019 Libros